[Event "HUN-chT2 Erkel 1718"]
[Site "Hungary"]
[Date "2018.03.25"]
[Round "10.10"]
[White "Meszaros, Attila"]
[Black "Vamosi, Laszlo"]
[Result "1-0"]
[WhiteElo "1906"]
[BlackElo "1729"]
[PlyCount "61"]
[EventDate "2017.09.24"]
[EventType "team-tourn"]
[EventRounds "11"]
[EventCountry "HUN"]
[SourceTitle "EXT 2021"]
[Source "ChessBase"]
[SourceDate "2020.10.23"]
[SourceVersion "1"]
[SourceVersionDate "2020.10.23"]
[SourceQuality "1"]
[WhiteTeam "Budapest MAFC"]
[BlackTeam "Andornaktalya"]
[WhiteTeamCountry "HUN"]
[BlackTeamCountry "HUN"]

1. Nf3 d5 2. g3 Nf6 3. Bg2 e6 4. 0-0 Bd6 5. d4 Nbd7 6. c4 dxc4 7. Qa4 c6 8. Qxc4 Nb6 9. Qc2 Bd7 10. e4 Be7 11. Nc3 Rc8 12. Rd1 0-0 13. h3 Qe8 14. Qe2 c5 15. d5 exd5 16. e5 Ne4 17. Nxd5 Nxd5 18. Rxd5 Bc6 19. Qxe4 Bxd5 20. Qxd5 Qb5 21. Qd1 b6 22. Qc2 Rcd8 23. Bg5 Bxg5 24. Nxg5 Qd3 25. Qxd3 Rxd3 26. Bf1 Rd2 27. b3 h6 28. Ne4 Rd4 29. Nd6 f6 30. Bc4+ Kh8 31. Nf5 1-0

[Event "HUN-chT2 Erkel 1718"]
[Site "Hungary"]
[Date "2018.01.28"]
[Round "7.9"]
[White "Meszaros, Attila"]
[Black "Repasi, Zoltan Jr"]
[Result "1/2-1/2"]
[WhiteElo "1906"]
[BlackElo "2072"]
[PlyCount "81"]
[EventDate "2017.09.24"]
[EventType "team-tourn"]
[EventRounds "11"]
[EventCountry "HUN"]
[SourceTitle "EXT 2021"]
[Source "ChessBase"]
[SourceDate "2020.10.23"]
[SourceVersion "1"]
[SourceVersionDate "2020.10.23"]
[SourceQuality "1"]
[WhiteTeam "Budapest MAFC"]
[BlackTeam "Szigetszentmiklos"]
[WhiteTeamCountry "HUN"]
[BlackTeamCountry "HUN"]

1. Nf3 d5 2. g3 Nf6 3. Bg2 c5 4. d4 cxd4 5. 0-0 Nc6 6. Nxd4 Qb6 7. Nxc6 bxc6 8. c4 e6 9. Nc3 Be7 10. cxd5 cxd5 11. e4 0-0 12. exd5 Rd8 13. Re1 Bc5 14. Be3 Bxe3 15. Rxe3 Bb7 16. Rd3 exd5 17. Nxd5 Bxd5 18. Bxd5 Nxd5 19. Rxd5 Rxd5 20. Qxd5 Rd8 21. Re1 h6 22. Qe5 a5 23. Qc3 a4 24. Qc2 Qd4 25. Re4 Qd1+ 26. Qxd1 Rxd1+ 27. Kg2 Rd2 28. Rxa4 Rxb2 29. Ra8+ Kh7 30. h4 g5 31. h5 g4 32. Ra7 Kg7 33. a4 Kf6 34. Ra6+ Kg5 35. Ra5+ f5 36. Rb5 Ra2 37. a5 Kf6 38. Rc5 Kg5 39. Rb5 Kf6 40. Rb6+ Kg5 41. Rb5 1/2-1/2

[Event "HUN-chT2 Erkel 1718"]
[Site "Hungary"]
[Date "2017.12.17"]
[Round "6.8"]
[White "Meszaros, Attila"]
[Black "Czumbel, Peter"]
[Result "1/2-1/2"]
[WhiteElo "1906"]
[BlackElo "1960"]
[PlyCount "91"]
[EventDate "2017.09.24"]
[EventType "team-tourn"]
[EventRounds "11"]
[EventCountry "HUN"]
[SourceTitle "EXT 2021"]
[Source "ChessBase"]
[SourceDate "2020.10.23"]
[SourceVersion "1"]
[SourceVersionDate "2020.10.23"]
[SourceQuality "1"]
[WhiteTeam "Budapest MAFC"]
[BlackTeam "Budapest MTK II"]
[WhiteTeamCountry "HUN"]
[BlackTeamCountry "HUN"]

1. Nf3 g6 2. d4 Nf6 3. g3 Bg7 4. Bg2 d5 5. 0-0 0-0 6. c4 c6 7. cxd5 cxd5 8. Nc3 Nc6 9. h3 Ne4 10. e3 Nxc3 11. bxc3 Na5 12. Nd2 Bf5 13. Ba3 Re8 14. Rc1 Bd3 15. Re1 f5 16. Nb3 Bb5 17. Nxa5 Qxa5 18. Bxd5+ e6 19. Bb4 Qa6 20. Bb3 Bc4 21. Bxc4 Qxc4 22. Qe2 Rac8 23. a4 b6 24. Qb2 e5 25. a5 Re6 26. axb6 Rxb6 27. Ra1 exd4 28. exd4 Bxd4 29. cxd4 Rxb4 30. Qd2 Qxd4 31. Qxd4 Rxd4 32. Rxa7 Re4 33. Rd1 Re6 34. Rdd7 h5 35. Rg7+ Kh8 36. Kg2 Ra6 37. Rh7+ Kg8 38. Rag7+ Kf8 39. Rd7 Kg8 40. Rhe7 Kf8 41. Rg7 Rf6 42. Rh7 Kg8 43. Rb7 Ra8 44. Rbc7 Ra3 45. Rhg7+ Kh8 46. Rh7+ 1/2-1/2

[Event "HUN-chT2 Erkel 1617"]
[Site "Hungary"]
[Date "2016.09.25"]
[Round "1.10"]
[White "Meszaros, Attila"]
[Black "Lenko, Csaba"]
[Result "1-0"]
[WhiteElo "1910"]
[BlackElo "1932"]
[PlyCount "102"]
[EventDate "2016.09.25"]
[EventType "team-tourn"]
[EventRounds "11"]
[EventCountry "HUN"]
[SourceTitle "EXT 2021"]
[Source "ChessBase"]
[SourceDate "2020.10.23"]
[SourceVersion "1"]
[SourceVersionDate "2020.10.23"]
[SourceQuality "1"]
[WhiteTeam "Budapest MAFC"]
[BlackTeam "Salgotarjan"]
[WhiteTeamCountry "HUN"]
[BlackTeamCountry "HUN"]

1. Nf3 Nf6 2. g3 g6 3. Bg2 Bg7 4. 0-0 0-0 5. c4 c6 6. d4 d5 7. Nc3 Bf5 8. Qb3 Qb6 9. Qxb6 axb6 10. cxd5 cxd5 11. Nh4 Be6 12. Bg5 Nc6 13. e3 Rfd8 14. Bxf6 exf6 15. a3 Na5 16. Rfd1 f5 17. Nf3 f6 18. Nd2 Rac8 19. Rac1 Bf8 20. Na4 b5 21. Nc5 Bxc5 22. Rxc5 Rxc5 23. dxc5 Nc4 24. Nxc4 bxc4 25. Kf1 Kf7 26. Ke1 Rd7 27. Rd4 Ke7 28. Kd2 Kd8 29. Kc3 Kc7 30. b4 b5 31. cxb6+ Kxb6 32. a4 h5 33. h4 Rd8 34. a5+ Kb5 35. Rd1 Rd6 36. Bf1 Rc6 37. Ra1 Bf7 38. Be2 Rc8 39. Bd1 Be8 40. Bf3 Bc6 41. a6 Rd8 42. Ra5+ Kb6 43. Kd4 Ba8 44. a7 c3 45. Bd1 Rc8 46. Rc5 Re8 47. Kxc3 Kxa7 48. Bb3 g5 49. Bxd5 Bxd5 50. Rxd5 gxh4 51. gxh4 Re4 1-0

[Event "HUN-chT2 Erkel 1516"]
[Site "Hungary"]
[Date "2016.04.17"]
[Round "11.10"]
[White "Rabovszky, Gyorgy"]
[Black "Meszaros, Attila"]
[Result "1/2-1/2"]
[WhiteElo "1830"]
[BlackElo "1912"]
[PlyCount "108"]
[EventDate "2015.09.13"]
[EventType "team-tourn"]
[EventRounds "11"]
[EventCountry "HUN"]
[SourceTitle "EXT 2017"]
[Source "ChessBase"]
[SourceDate "2016.10.25"]
[SourceVersion "1"]
[SourceVersionDate "2016.10.25"]
[SourceQuality "1"]
[WhiteTeam "HASE"]
[BlackTeam "MAFC"]
[WhiteTeamCountry "HUN"]
[BlackTeamCountry "HUN"]

1. e4 c5 2. Nf3 d6 3. Bb5+ Bd7 4. Bxd7+ Qxd7 5. 0-0 Nc6 6. c3 g6 7. d4 cxd4 8. cxd4 Bg7 9. Nc3 e6 10. Be3 Nge7 11. Qd2 d5 12. Rad1 dxe4 13. Nxe4 Nd5 14. Nc5 Qc7 15. Bg5 Nxd4 16. Nxd4 Qxc5 17. Nf3 0-0 18. Bh6 Rfd8 19. Bxg7 Kxg7 20. Qg5 Qb6 21. h4 f6 22. Qg4 h5 23. Qe4 Ne7 24. g4 Qc6 25. Qe2 e5 26. g5 fxg5 27. Rc1 Qd6 28. Rfd1 Qf6 29. hxg5 Rxd1+ 30. Rxd1 Qf5 31. Qxe5+ Qxe5 32. Nxe5 b6 33. Rd7 Kf8 34. Rd6 Rc8 35. Rf6+ Ke8 36. Re6 Kf8 37. Nxg6+ Nxg6 38. Rxg6 Rc2 39. b4 Rxa2 40. Kg2 Ra4 41. b5 Rb4 42. Kg3 Rxb5 43. f4 a5 44. Rh6 a4 45. Rxh5 a3 46. Rh1 a2 47. Ra1 Ra5 48. Kf3 b5 49. Ke3 b4 50. Kd3 b3 51. Kc3 Rb5 52. Kb2 Kf7 53. f5 Kg7 54. Rc1 Rxf5 1/2-1/2

[Event "Budapest Spring op"]
[Site "Budapest"]
[Date "2016.03.27"]
[Round "9"]
[White "Meszaros, Attila"]
[Black "Birovecz, Ben Jordan"]
[Result "1-0"]
[WhiteElo "1920"]
[BlackElo "1631"]
[PlyCount "103"]
[EventDate "2016.03.18"]
[EventType "swiss"]
[EventRounds "9"]
[EventCountry "HUN"]
[SourceTitle "CBM 171 Extra"]
[Source "ChessBase"]
[SourceDate "2016.04.26"]
[SourceVersion "1"]
[SourceVersionDate "2016.04.26"]
[SourceQuality "1"]

1. Nf3 Nf6 2. g3 g6 3. Bg2 Bg7 4. d4 0-0 5. 0-0 d6 6. c4 Nc6 7. Nc3 a6 8. e4 Rb8 9. a4 Na5 10. Qe2 Bg4 11. h3 Bxf3 12. Bxf3 Nb3 13. Be3 Nxa1 14. Rxa1 Nd7 15. h4 c5 16. d5 Ne5 17. h5 Nxf3+ 18. Qxf3 Qb6 19. Qe2 Qb3 20. Ra3 Qb4 21. Bc1 Qb6 22. g4 Qc7 23. f4 Bd4+ 24. Kh1 Qd7 25. f5 Kh8 26. hxg6 fxg6 27. Qh2 gxf5 28. gxf5 Be5 29. Qh3 Rg8 30. Ne2 Qe8 31. Nf4 Qf7 32. Ne6 Qf6 33. Qh5 Rg7 34. Bg5 Qf7 35. Nxg7 Qxg7 36. Bh6 Qf6 37. Rh3 Kg8 38. Rh4 Bxb2 39. Rg4+ Kh8 40. Bg7+ Qxg7 41. Rxg7 Bxg7 42. Qf7 Bf6 43. Kg2 b6 44. Kf3 Rc8 45. Qe6 Rb8 46. e5 dxe5 47. d6 Re8 48. Qf7 Rg8 49. dxe7 e4+ 50. Kxe4 Bxe7 51. Qxe7 Rb8 52. Qe5+ 1-0

[Event "HUN-chT2 Erkel 1516"]
[Site "Hungary"]
[Date "2015.10.18"]
[Round "3.10"]
[White "Meszaros, Attila"]
[Black "Szego, Krisztian"]
[Result "1-0"]
[WhiteElo "1891"]
[BlackElo "1789"]
[PlyCount "89"]
[EventDate "2015.09.13"]
[EventType "team-tourn"]
[EventRounds "11"]
[EventCountry "HUN"]
[SourceTitle "CBM 170 Extra"]
[Source "ChessBase"]
[SourceDate "2016.02.25"]
[SourceVersion "1"]
[SourceVersionDate "2016.02.25"]
[SourceQuality "1"]
[WhiteTeam "MAFC"]
[BlackTeam "Andornaktalya"]
[WhiteTeamCountry "HUN"]
[BlackTeamCountry "HUN"]

1. Nf3 d5 2. d4 Nf6 3. c4 e6 4. Nc3 Be7 5. e3 0-0 6. Bd3 dxc4 7. Bxc4 c5 8. 0-0 Nc6 9. a3 a6 10. dxc5 Bxc5 11. b4 Be7 12. b5 Na5 13. Be2 Qc7 14. Bb2 Rd8 15. Qc2 Bd7 16. bxa6 bxa6 17. Rfc1 Rdc8 18. Rab1 Bb5 19. Nd4 Bxe2 20. Qxe2 Qd8 21. Rd1 Qc7 22. Rdc1 Qd8 23. Qf3 Qd7 24. Rd1 Qc7 25. a4 Nc4 26. Ba1 e5 27. Nf5 Bf8 28. Qb7 Ra7 29. Qf3 Rb8 30. Rxb8 Qxb8 31. Ne4 Nxe4 32. Qxe4 Qc8 33. Bxe5 Nxe5 34. Qxe5 Rd7 35. Nd4 Qc4 36. Qa5 Bb4 37. Qb6 a5 38. Qb8+ Bf8 39. Qb5 Qxb5 40. axb5 Bb4 41. Kf1 Kf8 42. Ke2 Ke8 43. Nc6 Rxd1 44. Kxd1 Bc3 45. b6 1-0

[Event "HUN-chT2 Breyer 1415"]
[Site "Hungary"]
[Date "2015.01.25"]
[Round "7.10"]
[White "Meszaros, Attila"]
[Black "Pregitzer, Gyorgy"]
[Result "1-0"]
[WhiteElo "1910"]
[BlackElo "1818"]
[PlyCount "59"]
[EventDate "2014.09.07"]
[EventType "team-tourn"]
[EventRounds "11"]
[EventCountry "HUN"]
[SourceTitle "EXT 2016"]
[Source "ChessBase"]
[SourceDate "2015.10.08"]
[SourceVersion "1"]
[SourceVersionDate "2015.10.08"]
[SourceQuality "1"]
[WhiteTeam "MAFC"]
[BlackTeam "Zsambek"]
[WhiteTeamCountry "HUN"]
[BlackTeamCountry "HUN"]

1. Nf3 g6 2. e4 Bg7 3. d3 Nc6 4. g3 Nf6 5. Bg2 d6 6. 0-0 0-0 7. c3 Nd7 8. Nbd2 e5 9. b4 Nb6 10. a4 Be6 11. a5 Nd7 12. b5 Ne7 13. Ng5 Nf6 14. Nxe6 fxe6 15. Nf3 h6 16. Bh3 Kf7 17. Qb3 Qd7 18. Bb2 Nh7 19. d4 exd4 20. cxd4 Rae8 21. d5 Nxd5 22. exd5 Bxb2 23. Qxb2 Kg8 24. Bxe6+ Rxe6 25. dxe6 Qxe6 26. Nd4 Qf6 27. Rae1 Ng5 28. f4 Nf7 29. Re6 Qg7 30. Re2 1-0

[Event "Budapest-chT1 Lilienthal 1213"]
[Site "Budapest"]
[Date "2013.05.05"]
[Round "11"]
[White "Meszaros, Attila"]
[Black "Miskolczi, Tamas"]
[Result "1-0"]
[WhiteElo "1909"]
[BlackElo "1970"]
[PlyCount "65"]
[EventDate "2012.09.30"]
[EventType "team-tourn"]
[EventRounds "11"]
[EventCountry "HUN"]
[SourceTitle "EXT 2019"]
[Source "ChessBase"]
[SourceDate "2018.10.10"]
[SourceVersion "1"]
[SourceVersionDate "2018.10.10"]
[SourceQuality "1"]
[WhiteTeam "Taban Spartacus II"]
[BlackTeam "Budapest Vasas II"]
[WhiteTeamCountry "HUN"]
[BlackTeamCountry "HUN"]

1. d4 f5 2. g3 Nf6 3. Bg2 g6 4. c3 Bg7 5. Qb3 d5 6. Bg5 c6 7. h4 Ne4 8. Nh3 Qc7 9. Nd2 Nxg5 10. Nxg5 f4 11. gxf4 Qxf4 12. e3 Qc7 13. f4 b6 14. 0-0-0 h6 15. Ngf3 Bg4 16. Rdg1 Nd7 17. Bh3 Bxh3 18. Rxh3 0-0-0 19. Rxg6 Bf6 20. Ne5 Rdg8 21. h5 Nf8 22. Rgg3 Bxe5 23. dxe5 e6 24. Nf3 c5 25. e4 Qf7 26. f5 dxe4 27. Nh4 Rxg3 28. Rxg3 Qxh5 29. Qa4 Qxh4 30. Qc6+ Kb8 31. Qe8+ Kb7 32. Rg7+ Ka6 33. Qa4# 1-0

[Event "Budapest-chT1 Lilienthal 1112"]
[Site "Budapest"]
[Date "2012.03.18"]
[Round "10"]
[White "Szucs, Gabor1111"]
[Black "Meszaros, Attila"]
[Result "1/2-1/2"]
[WhiteElo "1813"]
[BlackElo "1927"]
[PlyCount "42"]
[EventDate "2011.10.02"]
[EventType "team-tourn"]
[EventRounds "11"]
[EventCountry "HUN"]
[SourceTitle "EXT 2020"]
[Source "ChessBase"]
[SourceDate "2019.10.17"]
[SourceVersion "1"]
[SourceVersionDate "2019.10.17"]
[SourceQuality "1"]
[WhiteTeam "Budapest Ujpest KSE"]
[BlackTeam "Taban Spartacus II"]
[WhiteTeamCountry "HUN"]
[BlackTeamCountry "HUN"]

1. c4 Nf6 2. Nc3 d6 3. d4 g6 4. Nf3 Bg7 5. e4 0-0 6. Bd3 Nbd7 7. 0-0 e5 8. d5 a5 9. Be3 h6 10. h3 b6 11. Qd2 Kh7 12. Nh2 Nc5 13. Bc2 Ba6 14. b3 Rb8 15. Bxc5 bxc5 16. f4 exf4 17. Rxf4 Nh5 18. Rf3 Qh4 19. Ng4 Bc8 20. Nf2 f5 21. Re1 Bd7 1/2-1/2

[Event "Budapest-chT1 Lilienthal 1112"]
[Site "Budapest"]
[Date "2011.12.04"]
[Round "4"]
[White "Horvath, Ilona Klara"]
[Black "Meszaros, Attila"]
[Result "1-0"]
[WhiteElo "1828"]
[BlackElo "1927"]
[PlyCount "59"]
[EventDate "2011.10.02"]
[EventType "team-tourn"]
[EventRounds "11"]
[EventCountry "HUN"]
[SourceTitle "EXT 2020"]
[Source "ChessBase"]
[SourceDate "2019.10.17"]
[SourceVersion "1"]
[SourceVersionDate "2019.10.17"]
[SourceQuality "1"]
[WhiteTeam "Fabulon"]
[BlackTeam "Taban Spartacus II"]
[WhiteTeamCountry "HUN"]
[BlackTeamCountry "HUN"]

1. e4 c5 2. b4 cxb4 3. a3 e6 4. Nf3 Nc6 5. d4 d5 6. e5 bxa3 7. Bd3 a2 8. Nbd2 Bb4 9. 0-0 Bc3 10. Rxa2 Nge7 11. Nb3 b6 12. Bd2 Bxd2 13. Qxd2 h6 14. c3 Bb7 15. Bb1 a5 16. Nc1 Ba6 17. Nd3 Bc4 18. Ra1 Qc7 19. Qc2 Kd7 20. Nd2 Ba6 21. Rc1 Rhc8 22. Qb2 Qb7 23. c4 dxc4 24. Nxc4 Rc7 25. Nxb6+ Ke8 26. Nxa8 Qxa8 27. Nc5 Nd5 28. Be4 Nf4 29. Qb6 Ne2+ 30. Kh1 1-0

[Event "Budapest-chT1 Lilienthal 1112"]
[Site "Budapest"]
[Date "2011.10.02"]
[Round "1"]
[White "Meszaros, Attila"]
[Black "Gergely, Mate"]
[Result "1-0"]
[WhiteElo "1927"]
[BlackElo "1937"]
[PlyCount "75"]
[EventDate "2011.10.02"]
[EventType "team-tourn"]
[EventRounds "11"]
[EventCountry "HUN"]
[SourceTitle "EXT 2020"]
[Source "ChessBase"]
[SourceDate "2019.10.17"]
[SourceVersion "1"]
[SourceVersionDate "2019.10.17"]
[SourceQuality "1"]
[WhiteTeam "Taban Spartacus II"]
[BlackTeam "Budapest HUSI II"]
[WhiteTeamCountry "HUN"]
[BlackTeamCountry "HUN"]

1. d4 Nf6 2. c4 g6 3. Nf3 Bg7 4. Nc3 d6 5. e4 0-0 6. Be2 Nbd7 7. 0-0 e5 8. d5 Nc5 9. Qc2 a5 10. Be3 Na6 11. Ne1 Ng4 12. Bxg4 Bxg4 13. f3 Bd7 14. Nd3 f5 15. a3 f4 16. Bf2 g5 17. b4 axb4 18. axb4 h5 19. b5 Nc5 20. Rxa8 Qxa8 21. Nxc5 dxc5 22. Bxc5 Rf6 23. Qa2 Qxa2 24. Nxa2 g4 25. Nc3 Kf7 26. Kf2 Rg6 27. Ra1 Bf6 28. fxg4 Bxg4 29. Ra7 Bh4+ 30. Kf1 Bc8 31. Bf2 Be7 32. c5 Ke8 33. c6 bxc6 34. Rxc7 Kd8 35. Rxc6 Rxc6 36. dxc6 Bb4 37. Nd5 Be6 38. Nxb4 1-0

[Event "Budapest-chT1 Lilienthal 1011"]
[Site "Budapest"]
[Date "2010.11.28"]
[Round "5"]
[White "Kertesz, Zsolt"]
[Black "Meszaros, Attila"]
[Result "1-0"]
[WhiteElo "2058"]
[BlackElo "1962"]
[PlyCount "25"]
[EventDate "2010.09.19"]
[EventType "team-tourn"]
[EventRounds "11"]
[EventCountry "HUN"]
[SourceTitle "EXT 2020"]
[Source "ChessBase"]
[SourceDate "2019.10.17"]
[SourceVersion "1"]
[SourceVersionDate "2019.10.17"]
[SourceQuality "1"]
[WhiteTeam "Taban Spartacus II"]
[BlackTeam "Fabulon"]
[WhiteTeamCountry "HUN"]
[BlackTeamCountry "HUN"]

1. e4 c6 2. d4 d5 3. e5 Bf5 4. Nf3 e6 5. Be2 Nd7 6. 0-0 Ne7 7. Nbd2 c5 8. c4 cxd4 9. Nxd4 Nxe5 10. cxd5 Qxd5 11. Qa4+ N7c6 12. N2f3 Nxf3+ 13. Bxf3 1-0

[Event "Budapest Spring op 24th"]
[Site "Budapest"]
[Date "2008.03.26"]
[Round "6"]
[White "Szentmihalyi, David"]
[Black "Meszaros, Attila"]
[Result "1/2-1/2"]
[WhiteElo "1924"]
[BlackElo "1993"]
[PlyCount "104"]
[EventDate "2008.03.21"]
[EventType "swiss"]
[EventRounds "9"]
[EventCountry "HUN"]
[SourceTitle "CBM 123 Extra"]
[Source "ChessBase"]
[SourceDate "2008.05.06"]
[SourceVersion "1"]
[SourceVersionDate "2008.05.06"]
[SourceQuality "1"]

1. e4 c5 2. Nf3 Nc6 3. d4 cxd4 4. Nxd4 Nf6 5. Nc3 d6 6. Be3 Ng4 7. Nxc6 bxc6 8. Bc1 Nf6 9. Be2 e6 10. 0-0 Be7 11. Be3 0-0 12. Kh1 Qc7 13. f4 Bb7 14. Bf3 a6 15. Qe1 Nd7 16. Rd1 d5 17. Bg1 Bd6 18. e5 Be7 19. Ne2 c5 20. c3 Rab8 21. b3 a5 22. Qg3 Rfd8 23. Be3 Nf8 24. Bg4 f5 25. exf6 Bxf6 26. Qf2 Rbc8 27. a3 Qe7 28. b4 axb4 29. axb4 cxb4 30. cxb4 Qxb4 31. Rb1 Qe7 32. Nd4 Ba6 33. Rfe1 Bd3 34. Rb6 Bxd4 35. Bxd4 Be4 36. Bf3 Rd7 37. Bxe4 dxe4 38. Rb5 Rd5 39. Rxd5 exd5 40. f5 Nd7 41. Qg3 Nf6 42. h3 Kf7 43. Ra1 Rc7 44. Ra8 Ne8 45. Be5 Ra7 46. Rxa7 Qxa7 47. Qh4 Qe7 48. Qh5+ Kg8 49. Bd4 Qf7 50. Qg4 Nf6 51. Qf4 h6 52. g4 Kh7 1/2-1/2

[Event "Budapest FS05 FM-A"]
[Site "Budapest"]
[Date "2006.05.16"]
[Round "11"]
[White "Meszaros, Attila"]
[Black "Branca, Rui"]
[Result "1/2-1/2"]
[WhiteElo "2045"]
[BlackElo "2071"]
[PlyCount "35"]
[EventDate "2006.05.06"]
[EventType "tourn"]
[EventRounds "11"]
[EventCountry "HUN"]
[SourceTitle "CBM 112 Extra"]
[Source "ChessBase"]
[SourceDate "2006.07.14"]
[SourceVersion "1"]
[SourceVersionDate "2006.07.14"]
[SourceQuality "1"]

1. e4 e5 2. Nf3 Nc6 3. Bc4 Bc5 4. c3 Nf6 5. d4 exd4 6. cxd4 Bb4+ 7. Nc3 Nxe4 8. Qb3 0-0 9. 0-0 Nxc3 10. bxc3 Be7 11. Qb5 Bf6 12. Ng5 a6 13. Qd5 Ne7 14. Qxf7+ Rxf7 15. Nxf7 Qf8 16. Nh6+ Kh8 17. Nf7+ Kg8 18. Nh6+ 1/2-1/2

[Event "Budapest FS05 FM-A"]
[Site "Budapest"]
[Date "2006.05.15"]
[Round "10"]
[White "Borda, Lajos"]
[Black "Meszaros, Attila"]
[Result "1/2-1/2"]
[WhiteElo "2221"]
[BlackElo "2045"]
[PlyCount "51"]
[EventDate "2006.05.06"]
[EventType "tourn"]
[EventRounds "11"]
[EventCountry "HUN"]
[SourceTitle "CBM 112 Extra"]
[Source "ChessBase"]
[SourceDate "2006.07.14"]
[SourceVersion "1"]
[SourceVersionDate "2006.07.14"]
[SourceQuality "1"]

1. d4 d5 2. a3 c6 3. e3 Nf6 4. c4 e6 5. Nc3 Be7 6. Nf3 Nbd7 7. Bd3 0-0 8. 0-0 dxc4 9. Bxc4 b5 10. Bd3 Re8 11. Qc2 Bb7 12. Rd1 h6 13. h3 a6 14. e4 c5 15. Be3 cxd4 16. Bxd4 Rc8 17. Rac1 Bc5 18. Bxc5 Rxc5 19. Qe2 Qe7 20. Qe3 Rec8 21. Bb1 R5c7 22. Ba2 Nf8 23. e5 N6d7 24. Re1 Ng6 25. Bb1 Bxf3 26. Bxg6 1/2-1/2

[Event "Budapest FS05 FM-A"]
[Site "Budapest"]
[Date "2006.05.09"]
[Round "4"]
[White "Meszaros, Attila"]
[Black "Hocevar, Nikola"]
[Result "0-1"]
[WhiteElo "2045"]
[BlackElo "2094"]
[PlyCount "124"]
[EventDate "2006.05.06"]
[EventType "tourn"]
[EventRounds "11"]
[EventCountry "HUN"]
[SourceTitle "CBM 112 Extra"]
[Source "ChessBase"]
[SourceDate "2006.07.14"]
[SourceVersion "1"]
[SourceVersionDate "2006.07.14"]
[SourceQuality "1"]

1. e4 c5 2. Nf3 Nc6 3. d3 g6 4. g3 Bg7 5. Bg2 Nf6 6. 0-0 d5 7. Nbd2 dxe4 8. dxe4 0-0 9. c3 h6 10. Qc2 Be6 11. Re1 Rc8 12. Nf1 Ng4 13. Ne3 Nxe3 14. Bxe3 Qa5 15. Nh4 Rfd8 16. a3 Qb5 17. f4 Nd4 18. Qf2 Nb3 19. Rad1 Bg4 20. Rxd8+ Rxd8 21. Nf3 b6 22. h3 Bc8 23. Nh2 c4 24. g4 Nc5 25. Bxc5 Qxc5 26. Qxc5 bxc5 27. Re2 Kf8 28. Kf2 h5 29. Ke1 hxg4 30. hxg4 e5 31. f5 Bh6 32. Nf3 Bf4 33. Nd2 Kg7 34. Nf1 Kf6 35. Ne3 Bxe3 36. Rxe3 Kg5 37. Bf3 Kf4 38. Kf2 Rh8 39. Bg2 Rh4 40. Rf3+ Kg5 41. fxg6 fxg6 42. Rf7 Rxg4 43. Rxa7 Rf4+ 44. Ke3 Kg4 45. Rc7 Rf8 46. Rxc5 Kg3 47. Bf1 Rf3+ 48. Kd2 Rxf1 49. Rxc8 Rf2+ 50. Kc1 g5 51. a4 g4 52. a5 Rf1+ 53. Kc2 Ra1 54. Rc5 Kf4 55. Rc8 g3 56. Rf8+ Kxe4 57. Rg8 Kf3 58. Rf8+ Kg2 59. Kd2 Rxa5 60. Ke3 Rb5 61. Rf7 Kg1 62. Kf3 g2 0-1

[Event "Budapest FS05 FM-A"]
[Site "Budapest"]
[Date "2006.05.08"]
[Round "3"]
[White "Metaxasz, Vaszilisz"]
[Black "Meszaros, Attila"]
[Result "1-0"]
[WhiteElo "2127"]
[BlackElo "2045"]
[PlyCount "61"]
[EventDate "2006.05.06"]
[EventType "tourn"]
[EventRounds "11"]
[EventCountry "HUN"]
[SourceTitle "CBM 112 Extra"]
[Source "ChessBase"]
[SourceDate "2006.07.14"]
[SourceVersion "1"]
[SourceVersionDate "2006.07.14"]
[SourceQuality "1"]

1. c4 Nf6 2. Nc3 g6 3. g3 Bg7 4. Bg2 0-0 5. d3 d6 6. e4 e5 7. Nge2 c6 8. 0-0 a5 9. h3 Na6 10. Be3 Nd7 11. Qd2 Nc7 12. Rad1 c5 13. f4 f5 14. exf5 gxf5 15. Rf2 Rb8 16. Rdf1 b6 17. fxe5 Nxe5 18. Nf4 Qe8 19. Nfd5 Nxd5 20. Nxd5 Bd7 21. b3 Nc6 22. Kh2 Ne5 23. d4 cxd4 24. Bxd4 b5 25. c5 Qh5 26. Nf4 Qh6 27. Bxe5 Bxe5 28. Rd1 Rf6 29. Qxa5 Rc8 30. c6 Be8 31. Qxb5 1-0

[Event "Budapest FS03 FM-A"]
[Site "Budapest"]
[Date "2006.03.12"]
[Round "9"]
[White "Metaxasz, Vaszilisz"]
[Black "Meszaros, Attila"]
[Result "1/2-1/2"]
[WhiteElo "2106"]
[BlackElo "2045"]
[PlyCount "37"]
[EventDate "2006.03.04"]
[EventType "tourn"]
[EventRounds "11"]
[EventCountry "HUN"]
[SourceTitle "CBM 111 Extra"]
[Source "ChessBase"]
[SourceDate "2006.05.09"]
[SourceVersion "1"]
[SourceVersionDate "2006.05.09"]
[SourceQuality "1"]

1. d4 Nf6 2. g3 g6 3. Bg2 Bg7 4. Nf3 d6 5. 0-0 0-0 6. c4 Nbd7 7. Nc3 e5 8. e4 Re8 9. Re1 Nb6 10. dxe5 dxe5 11. Qe2 Qe7 12. Bg5 h6 13. Bxf6 Bxf6 14. Nd5 Nxd5 15. cxd5 Bd7 16. Qc4 c5 17. a4 Rec8 18. Bf1 Qd6 19. Qc3 1/2-1/2

[Event "Budapest FS03 FM-A"]
[Site "Budapest"]
[Date "2006.03.11"]
[Round "8"]
[White "Meszaros, Attila"]
[Black "Rummel, Zsolt"]
[Result "0-1"]
[WhiteElo "2045"]
[BlackElo "2090"]
[PlyCount "72"]
[EventDate "2006.03.04"]
[EventType "tourn"]
[EventRounds "11"]
[EventCountry "HUN"]
[SourceTitle "CBM 111 Extra"]
[Source "ChessBase"]
[SourceDate "2006.05.09"]
[SourceVersion "1"]
[SourceVersionDate "2006.05.09"]
[SourceQuality "1"]

1. Nf3 f5 2. b3 Nf6 3. Bb2 g6 4. g3 Bg7 5. Bg2 0-0 6. 0-0 d6 7. d4 c6 8. c4 Nbd7 9. Nbd2 Qe8 10. Ng5 e5 11. d5 Nb6 12. e4 h6 13. Ne6 Bxe6 14. dxe6 Qxe6 15. Qc2 Nbd7 16. exf5 gxf5 17. Bh3 Ng4 18. Rae1 h5 19. f3 Nh6 20. Ba3 Qf6 21. Qd3 Nc5 22. Qe2 Rad8 23. b4 Ne6 24. Bb2 Qg6 25. Kh1 Ng5 26. Bg2 f4 27. c5 Nf5 28. gxf4 exf4 29. Bxg7 Kxg7 30. cxd6 h4 31. Rg1 Ng3+ 32. hxg3 hxg3 33. Qe5+ Kg8 34. Bh3 Qh5 35. Rxg3 fxg3 36. Qxg3 Qxh3+ 0-1